| 000 | 00000nas 2200000za 4500 |
| 001 | 9.866630 |
| 003 | CaOODSP |
| 005 | 20221107162109 |
| 007 | cr ||||||||||| |
| 008 | 190104d19301945oncar p oss f0###a0eng| |
| 040 | |aCaOODSP|beng |
| 043 | |an-cn--- |
| 086 | 1 |aCS32-D-24E-PDF |
| 245 | 00|aFood products, beverages, rubber, tobacco and miscellaneous manufactures based on vegetable products |h[electronic resource]. |
| 246 | 16|aVegetable products group |
| 260 | |aOttawa : |bDominion Bureau of Statistics, |c1932-1948. |
| 310 | |aAnnual |
| 362 | 1 |aBegan with 1928/30; ceased with 1945. |
| 500 | |aDigitized edition from print [produced by Statistics Canada]. |
| 500 | |aTitle from cover. |
| 515 | |aIssues for 1937-1939 not published. |
| 515 | |aCombined issues for 1928-30, 1933-34 and 1935-36. |
| 550 | |aIssued 1931-1932 by General Manufactures Division; 1933/34-1943 by General Manufactures Branch; 1944-1945 by General Manufacturing Statistics. |
| 692 | 07|2gccst|aFood processing |
| 710 | 1 |aCanada. |bDominion Bureau of Statistics. |